000 01981nam a2200433 a 4500
001 vtls001129465
003 NLI
005 20210603133439.0
008 120325n ii 000 0 hin
020 _cRs.1 (pbk.)
039 9 _a201703221343
_bprashastij
_y201203251743
_zVLOAD
040 _aNLI
_bhineng
_cDatasoft_Hindi
_eAACR2
041 1 _ahin
044 _aii
082 0 4 _a174
100 1 _6880-01
_aमार्डेन, ओरिसन स्वेट
_d1848-1924
245 1 0 _6880-02
_aसफल कैसें हो ? /
_cस्वेट मार्डेन ; अनुवादक सन्तोष कुमारी
246 0 _aहौ टू गेट व्हॉट यू वांट (How to get what you want)
260 _aदिल्ली :
_bहिन्द पॉकेट बूक्स,
_c[n.d.]
300 _a125 p. ;
_c16- cm.
500 _aविश्व-विख्यात विचारक स्वेट मार्डेन की सुप्रसिद्घ पुस्तक
500 _aहौ टू गेट व्हॉट यू वांट : अंग्रेजी से अनुवादित
650 0 _aSucces
_9198538
650 0 _aConduct of life
_92337
650 0 _aLife skills
_92036
650 0 _aProfessional ethics
_94854
650 0 _aEthics
_91373
700 0 _6880-03
_aसन्तोष कुमारी,
_4अनु
_9165
880 1 0 _6245-02(B
_aSafal keiseṁ ho? /
_cSwet Modern ; translated by Santoṣ Kumārī
880 1 _6100-01(B
_aModern, Swet
880 0 _6700-03(B
_aSantoṣ Kumārī
_4trl
887 _aPrashasti jaiswal
901 _a3282
_b16.8.60
902 _aH 174 M 893SK
904 _aPrashasti jaiswal
942 _2ddc
_cBKS
949 _AVIRTUAITEM
_D10000
_X100
_6HIN000003282HIN
999 _aVIRTUA40
_c429233
_d429233
999 _aVTLSSORT0080*0200*0400*0410*0440*0820*1000*2450*2460*2600*3000*5000*5001*6500*6501*6502*6503*6504*7000*8800*8801*8802*9010*9020*9040*9490*9992